000 00729nam a2200217Ia 4500
003 GCL
008 140319s9999 xx 000 0 ara d
020 _a1031399977
040 _aGCL /
_cGCL
082 0 4 _a811.009
_bص ج
100 1 _aصلاح فضل
245 1 0 _aجماليات الحرية فى الشعر /
_cصلاح فضل
250 _aالاولى
260 _aالقاهرة :
_bأطلس للنشر والانتاج الاعلامى ،
_c2005
300 _a256 ص ؛
_c24 سم
650 0 4 _aالشعر العربى - تاريخ ونقد
650 0 4 _aالتذوق الفنى
650 0 4 _aالشعر العربى - دواوين وقصائد
650 0 4 _aالشعراء العرب - مصر
942 _2ddc
_cBK
999 _c9369
_d9369